01491nam a22003737a 4500003000500000005001700005008004100022010001000063011001000073035001000083040000900093090001000102100003800112245007200150260004000222300001000262502008900272590003700361590004100398590004100439590004100480590004100521590004200562650005200604650003500656650003400691901000700725942000900732949004300741949005500784999001700839952013300856952012800989CHAP20220329140842.0971013s1995 r 00010 d a58662 a59634 a63794 cCHAP aTesis00aHernández Mota, Maribel.954390 aFactores que afectan la inversión del sector primario en México aChapingo, Méx. :bEl autor,c1995 a76 h. aTesis (Lic. en Economía Agrícola) -- UACH. Departamento de Economía Agrícola aALEPHb10c20130110lUCH01h1337 aBATCH-UPDb10c20130109lUCH01h2331 aBATCH-UPDb10c20130110lUCH01h1828 aBATCH-UPDb10c20130410lUCH01h1200 aBATCH-UPDb10c20130914lUCH01h0840 aCONVERSIONb10c20130109lUCH01h133114aAgriculturaxAspectos economicoszMexico.9131214aCapital en agricultura.91871014aInversioneszMéxico.960189 aBK cFOLL bBCcTESd-137582eTS1h28485i63794si bBCcTESd33724000079216eTS2fc.2h28486i63794si c58662d58662 00102local4053708TESISaBCbBCcPA_TESISd2019-12-31fTESISl0p33724000079216r2019-12-31 00:00:00tc.2w2019-12-31yTESIS 00102local4051708TESISaBCbBCcPA_TESISd2019-12-31fTESISl0oTesisp-137582r2019-12-31 00:00:00w2019-12-31yTESIS